Teritoriální a komoditní informace: Egypt

Sprísnenie podmienok dovozu a vývozu tovaru z Egypta. Pravidlá povinného označovania jednotlivých druhov výrobkov importovaných do Egypta. Povolené okolnosti dočasného uvoľnenia tovaru pod colnou ochranou. Používanie jazykov pri exporte a importe.

Enregistré dans:
Détails bibliographiques
Format: Chapitre de livre
Langue:tchèque
Sujets:
Tags: Ajouter un tag
Pas de tags, Soyez le premier à ajouter un tag!

MARC

LEADER 00000naa a2200000 4500
001 r035442
005 20230908092557.6
041 0 |a cze 
044 |a CZ 
245 1 0 |a Teritoriální a komoditní informace: Egypt 
520 |a Sprísnenie podmienok dovozu a vývozu tovaru z Egypta. Pravidlá povinného označovania jednotlivých druhov výrobkov importovaných do Egypta. Povolené okolnosti dočasného uvoľnenia tovaru pod colnou ochranou. Používanie jazykov pri exporte a importe. 
610 2 0 |a styk zahraničnoobchodný 
610 2 0 |a Egypt 
610 2 0 |a Česko 
610 2 0 |a vývoz 
610 2 0 |a dovoz 
610 2 0 |a legislatíva 
610 2 0 |a komodity 
610 2 0 |a podmienky obchodné 
610 2 0 |a ochrana colná 
610 2 0 |a tovar 
610 2 0 |a jazyky cudzie